000 00218 a2200097 4500
001 32648
100 _aGorlitz, W
245 _aThe memoirs of F M Keitel
260 _aLondon
_bWilliam Kimber
_c
090 _c21861
_d21861
942 _aNUST-CAE
_cM
_c13182
999 _c267721
_d267721